Soccer is for me /

A member of a youth soccer team discusses skills he has learned and games the team has played.

Bibliographic Details
Main Author: Dickmeyer, Lowell A.
Other Authors: Gross, Daniel E.
Format: Book
Language:English
Published: Minneapolis : Lerner Publications Co., [1978]
Series:Sports for me books.
Subjects:

MARC

Tag First Indicator Second Indicator Subfields
LEADER 00000pam a2200000 a 4500
001 in00000087767
005 20151008063006.0
008 780105s1978 mnua j 00010 engm
010 |a  77092294  
020 |z 0822510767 (lib. bdg.) :  |c $4.95 
035 |a (OCoLC)03608661 
035 |9 AAK1359AM 
040 |a DLC  |c DLC  |d TXA  |d UtOrBLW 
049 |a [Curr Col] TXAM  |c [933527] 
050 0 0 |a GV943.25  |b  D5 1978 
082 0 |a 796.33/42 
100 1 |a Dickmeyer, Lowell A. 
245 1 0 |a Soccer is for me /  |c Lowell A. Dickmeyer ; photographs by Daniel E. Gross. 
264 1 |a Minneapolis :  |b Lerner Publications Co.,  |c [1978] 
264 4 |c ©1978 
300 |a 47 pages :  |b illustrations ;  |c 26 cm. 
336 |a text  |b txt  |2 rdacontent 
337 |a unmediated  |b n  |2 rdamedia 
338 |a volume  |b nc  |2 rdacarrier 
490 1 |a The Sports for me books 
520 |a A member of a youth soccer team discusses skills he has learned and games the team has played. 
650 0 |a Soccer  |v Juvenile literature. 
650 1 |a Soccer. 
700 1 |a Gross, Daniel E. 
830 0 |a Sports for me books. 
999 |a MARS 
999 f f |s 9f3c433f-273d-3bab-8ad7-1ba8d97cb508  |i a1b69ca5-49ac-3403-840d-f539c3eea7dd  |t 0 
952 f f |p ric  |a Texas A&M University  |b Rellis Campus  |c Joint Library Facility  |d Remote Storage  |t 0  |e GV943.25 D5 1978  |h Library of Congress classification  |i unmediated -- volume  |m A14805981038 
998 f f |a GV943.25 D5 1978  |t 0  |l Remote Storage